000 01366nam0a22003251 4500
001 v19\rc\1796787
005 20250619081927.0
035 _a(NLR Aleph) 004887244
090 _a5232800
_c5232800
100 _a20061204d1905 |||y0rusy50 ca
101 0 _arus
102 _aRU
105 _aa z |||||
200 1 _aЦиммермановский метод рассчета брусьев, лежащих на сплошном упругом основании и применение его к рассчету шпал
_fВ.М. Толстопятов, инж. пут. сообщ.
210 _aМосква
_cИнж. дело
_d1905
215 _a[4], 132 с., 3 л. черт.
_cил., табл.
_d24
532 1 3 _aЦиммермановский метод рассчета брусьев, лежащих на сплошном упругом основании и применение его к рассчету шпал
700 1 _aТолстопятов
_bВ.М.
_f1873-
_gВладимир Михайлович
801 0 _aRU
_bNLR
_gpsbo
801 0 _aRU
_bRuMoRGB
_2psbo
801 1 _aRU
_bProSoft-M
_2rusmarc
852 _aNLR
_j38.10.4.1
852 _aNLR
_j127/964
899 _aRuMoRGB
_jA 274/42
899 _aRuMoRGB
_jR 330/362
899 _aRuMoRGB
_jПриплет к W 26/464
899 _aБАН
942 _cBOOK
980 _aNB